000 00423nam a22001697a 4500
005 20180717150523.0
008 160524b xxu||||| |||| 00| 0 eng d
020 _a0-7069-9898-7
041 _aeng
082 _b4636
_a658.1511
100 _aI.M. Prasad
_91155
245 _aEssentials of Mgt. Accounting
260 _aNew Delhi
_bAcademic Faundation
_c2003
300 _a379p,
650 _aManagement
_9241
942 _cBK
999 _c1570
_d1569